[Event "Dulles Cherry Blossom op"]
[Site "Dulles"]
[Date "2018.05.26"]
[Round "2"]
[White "Heller, Garrett"]
[Black "Stearman, Josiah P"]
[Result "1/2-1/2"]
[WhiteElo "1901"]
[BlackElo "2368"]
[PlyCount "63"]
[EventDate "2018.05.25"]
[EventType "swiss"]
[EventRounds "7"]
[EventCountry "USA"]
[SourceTitle "CBM 184 Extra"]
[Source "ChessBase"]
[SourceDate "2018.06.28"]
[SourceVersion "1"]
[SourceVersionDate "2018.06.28"]
[SourceQuality "1"]

1. c4 e5 2. Nc3 Nc6 3. Nf3 g6 4. d4 exd4 5. Nxd4 Bg7 6. e3 Nge7 7. Be2 0-0 8. 0-0 d6 9. Nxc6 Nxc6 10. Qd2 Re8 11. b3 Qg5 12. Bb2 Nd4 13. Bd1 Ne6 14. Nd5 f5 15. Bxg7 Kxg7 16. Bc2 Bd7 17. Rae1 Rf8 18. f4 Qd8 19. e4 fxe4 20. Rxe4 c6 21. Ne3 Nc5 22. Rd4 Qe7 23. Rxd6 Rae8 24. Qd4+ Rf6 25. Rxf6 Qxf6 26. Qxc5 b6 27. Qa3 Rxe3 28. Qxa7 Qd4 29. Kh1 Re2 30. Bd1 Rf2 31. Rg1 Kh6 32. Bf3 1/2-1/2